000 00556nam a2200157 4500
008 0 2002 0a 000 0MEX
020 _a970-26-0010-3
050 _aQA76.758 B7418 2002
082 _a005.117 B891i
100 _aBruegge, Bernard
245 _aIngeniería de software orientado a objetos / Bernard Bruegge, Allen H. Dutoit
260 _aMéxico : Pearson Educación
300 _a576 p. / 23 cm.
650 _a1.INGENIERIA DE SOFTWARE \ 2.PROGRAMACION ORIENTADA A OBJETOS (CIENCIA DE LAS COMPUTADORAS)
700 _aDutoit, Allen H.
999 _c16301
_d16301